| 000 | 00607nam a2200241Ia 4500 | ||
|---|---|---|---|
| 005 | 20250425161937.0 | ||
| 008 | 250425s9999 xx 000 0 und d | ||
| 041 | _aspa | ||
| 082 | _a621.8 | ||
| 100 | _aZHIDELEV, M. A. | ||
| 245 | 0 | _aMANUAL DE MAQUINAS: PARA MECANICOS, SOLDADORES, APRENDICES Y TECNICOS EN GENERAL | |
| 250 | _a1A ED. | ||
| 260 |
_aArgentina _bBETA _c1961 |
||
| 260 | _aBUENOS AIRES | ||
| 300 | _a279 | ||
| 650 | _aMAQUINARIA | ||
| 650 | _aMECANISMOS | ||
| 650 | _aMETALES | ||
| 650 | _aPIEZAS DE SUJECION | ||
| 700 | _aNIKITIN, B. P. | ||
| 942 | _c01 | ||
| 010 | _a36081 | ||
| 999 |
_c219359 _d219359 |
||